الدولة والأسطورة/ (Record no. 7457)
[ view plain ]
| 000 -الفاتح | |
|---|---|
| حقل البيانات ثابتة الطول | 00682nac a22001571u 4500 |
| 008 - عناصر البيانات ثابتة الطول - معلومات عامة | |
| حقل البيانات ثابتة الطول | 080904t eu||||| |||| 00| 0 ara d |
| 082 ## - رقم تصنيف ديوى العشرى | |
| رقم التصنيف | 320.1 |
| رقم المادة | ك ا س |
| 110 ## - المدخل الرئيسى - إسم هيئة | |
| اسم الهيئة أو اسم السلطة كمدخل | Wezarat Al Thakafa |
| 9 (RLIN) | 16493 |
| 245 ## - بيان العنوان | |
| العنوان | الدولة والأسطورة/ |
| بيان المسئوليه,etc | تأليف أرنست كاسيرر؛ ترجمة أحمد حمدي محمود؛ مراجعة أحمد خاكي |
| 260 ## - PUBLICATION, DISTRIBUTION, ETC. (IMPRINT) | |
| مكان الناشر او الموزع | القاهرة : |
| اسم الناشر او الموزع | الهيئة المصرية العامة للكتاب،1975 |
| تاريخ النشر أو التوزيع | 1975 |
| 300 ## - الوصف المادى | |
| التعداد | 392ص؛ |
| أبعاد الوعاء | 24سم |
| 511 ## - | |
| -- | Catalogued by: Sara |
| 541 ## - تبصرة المصدر المباشر للتزويد | |
| مصدر التزويد | االهيئة العامة المصرية للكتاب ؛ |
| طريقة التزويد | شراء ؛ |
| 700 ## - المدخل الاضافى - اسم شخصى | |
| الإسم الشخصى | خاكى، احمد |
| 9 (RLIN) | 403 |
| 942 ## - عناصر المدخل الإضافي( كوها) | |
| Koha [default] item type | Book - Borrowing |
| سابقة رقم الطلب | 320.1 ك ا س |
| مصدر التصنيف او مخطط الترفيف | Dewey Decimal Classification |
| حالة التراجع | حالة الفقد | مصدر التصنيف او خطة الترفيف | حالة تلف | ليس للاعارة | مجموعات كوها | المكان الدائم | المكان الحالي | موقع الترفيف | تاريخ الاكتساب | Source of acquisition | رقم الاستدعاء | الباركود | Date last seen | نوع الوعاء |
|---|---|---|---|---|---|---|---|---|---|---|---|---|---|---|
| Dewey Decimal Classification | Alef-Baa | Central Library | Central Library | First floor | 24/01/2008 | 320.1 ك ا س | 000008896 | 15/07/2025 | Book - Borrowing | |||||
| Dewey Decimal Classification | Alef-Baa | Central Library | Central Library | First floor | 24/08/2011 | 320.1 ك ا س | 000024098 | 15/07/2025 | Book - Borrowing |